| 000 | 00695nam a2200277Ia 4500 | ||
|---|---|---|---|
| 005 | 20260324122515.0 | ||
| 008 | 008 260324s9999 xx 000 0 eng d | ||
| 020 | _a9780203111550 | ||
| 037 | _aEBOOK | ||
| 040 | _aCRL | ||
| 040 | _beng | ||
| 040 | _cCRL | ||
| 041 | _2eng | ||
| 041 | _aeng | ||
| 084 | _qCRL | ||
| 100 |
_aJon D. Carlson; Mark T. Nance; Michael J. Struett _91166707 |
||
| 245 | 0 | _aMaritime Piracy and the Construction of Global Governance | |
| 260 | _bTaylor and Francis | ||
| 260 | _c2013 | ||
| 365 | _a | ||
| 365 | _b240 | ||
| 856 | _uhttp://www.taylorfrancis.com/books/9780203111550 | ||
| 942 | _cEBOOK | ||
| 999 |
_c1759520 _d1759520 |
||